[Event "Birmingham op"]
[Site "Birmingham"]
[Date "2020.02.23"]
[Round "5"]
[White "Li, Harry"]
[Black "Grieve, Harry"]
[Result "1-0"]
[WhiteElo "2072"]
[BlackElo "2370"]
[PlyCount "119"]
[EventDate "2020.02.22"]
[EventType "team-swiss"]
[EventRounds "5"]
[EventCountry "ENG"]
[SourceTitle "CBM 195 Extra"]
[Source "ChessBase"]
[SourceDate "2020.05.31"]
[SourceVersion "1"]
[SourceVersionDate "2020.05.31"]
[SourceQuality "1"]
[WhiteTeam "LSE"]
[BlackTeam "Cambridge"]
[WhiteTeamCountry "ENG"]
[BlackTeamCountry "ENG"]

1. d4 d5 2. c4 e6 3. Nf3 c6 4. g3 dxc4 5. Bg2 b5 6. Ne5 Bb7 7. a4 Qc8 8. 0-0 Nd7 9. Nxd7 Qxd7 10. e4 Nf6 11. Nc3 Be7 12. Qc2 0-0 13. Rd1 Rfd8 14. Bf4 a6 15. Rd2 Rac8 16. Rad1 h6 17. Bh3 Qe8 18. Be3 Rb8 19. Bf4 Ra8 20. Bc7 Rd7 21. Be5 Rdd8 22. Bc7 Rdc8 23. Bf4 Bb4 24. Be3 Rd8 25. Bg2 Ng4 26. Bf4 e5 27. dxe5 Rxd2 28. Rxd2 Nxe5 29. Bxe5 Qxe5 30. Rd7 Bc8 31. Rd8+ Kh7 32. f4 Qc5+ 33. Kh1 Ba5 34. e5+ f5 35. Rxc8 Rxc8 36. Qxf5+ g6 37. Qd7+ Kg8 38. Qxc8+ Kg7 39. Qd7+ Kf8 40. Ne4 Qd5 41. Qd6+ Qxd6 42. Nxd6 c3 43. bxc3 bxa4 44. Bxc6 a3 45. Bd5 Bxc3 46. Kg2 Ke7 47. Kf3 Bb4 48. Ne4 h5 49. h3 Ba5 50. Nc5 Bd2 51. Nxa6 Bc3 52. Nc5 h4 53. gxh4 Bb2 54. Kg4 Kf8 55. h5 Kg7 56. hxg6 Kxg6 57. f5+ Kg7 58. f6+ Kg6 59. f7 Kg7 60. Nd7 1-0

[Event "London Chess Classic: Blitz D"]
[Site "London"]
[Date "2019.12.08"]
[Round "5"]
[White "Li, Harry"]
[Black "Makkar, Rajat"]
[Result "1/2-1/2"]
[WhiteElo "1949"]
[BlackElo "1847"]
[PlyCount "139"]
[EventDate "2019.12.08"]
[EventType "swiss (blitz)"]
[EventRounds "11"]
[EventCountry "ENG"]
[SourceTitle "EXT 2021"]
[Source "ChessBase"]
[SourceDate "2020.10.23"]
[SourceVersion "1"]
[SourceVersionDate "2020.10.23"]
[SourceQuality "1"]

1. d4 d5 2. c4 c6 3. Nf3 Nf6 4. e3 Bf5 5. Nc3 e6 6. Nh4 Bg6 7. Nxg6 hxg6 8. Bd3 Bd6 9. h3 Nbd7 10. e4 dxe4 11. Nxe4 Nxe4 12. Bxe4 Nf6 13. Bc2 Qc7 14. 0-0 0-0-0 15. Qf3 Bh2+ 16. Kh1 Rxd4 17. Be3 Rdd8 18. Bxa7 b6 19. Bxb6 Qxb6 20. Kxh2 g5 21. Ba4 Kb7 22. Kg1 g4 23. hxg4 Qc7 24. g3 Rd4 25. Kg2 Nxg4 26. Rh1 Rxh1 27. Rxh1 f5 28. b4 Rd2 29. Rf1 Rxa2 30. Bb3 Rb2 31. b5 Kb6 32. c5+ Kb7 33. Bxe6 Rxb5 34. Bxf5 Nh6 35. Be4 Nf7 36. Bxc6+ Qxc6 37. Qxc6+ Kxc6 38. Re1 Kd7 39. Rc1 Nd8 40. f4 Kc6 41. Re1 Kd7 42. Rc1 Ne6 43. c6+ Kc7 44. Re1 Kd6 45. Rc1 Rc5 46. Rxc5 Nxc5 47. Kf3 Kxc6 48. Kg4 Kd7 49. Kg5 Ke7 50. Kg6 Kf8 51. f5 Nd7 52. g4 Ne5+ 53. Kg5 Kf7 54. Kf4 Nd3+ 55. Ke3 Nc5 56. Kd4 Nd7 57. g5 Nb6 58. Ke5 Nc4+ 59. Kd4 Nd2 60. Ke3 Nf1+ 61. Kf2 Nd2 62. Ke3 Nb3 63. Kf4 Nd4 64. Ke5 Nf3+ 65. Kf4 Nd4 66. Ke5 Nc6+ 67. Kd5 Ne7+ 68. Ke5 Nd5 69. Kxd5 Ke8 70. Ke6 1/2-1/2

[Event "London Chess Classic: Blitz D"]
[Site "London"]
[Date "2019.12.08"]
[Round "2"]
[White "Li, Harry"]
[Black "Vaishali, Ramesh Babu"]
[Result "0-1"]
[WhiteElo "1949"]
[BlackElo "2323"]
[PlyCount "76"]
[EventDate "2019.12.08"]
[EventType "swiss (blitz)"]
[EventRounds "11"]
[EventCountry "ENG"]
[SourceTitle "EXT 2021"]
[Source "ChessBase"]
[SourceDate "2020.10.23"]
[SourceVersion "1"]
[SourceVersionDate "2020.10.23"]
[SourceQuality "1"]

1. d4 Nf6 2. c4 c5 3. d5 b5 4. cxb5 a6 5. b6 d6 6. Nc3 g6 7. e4 Bg7 8. Nf3 0-0 9. Be2 Nbd7 10. 0-0 Nxb6 11. a4 a5 12. Nd2 Ba6 13. Bxa6 Rxa6 14. Qe2 Ra8 15. f4 Qc8 16. h3 e6 17. Nb5 Rd8 18. dxe6 Qxe6 19. Nc7 Qe7 20. Nxa8 Rxa8 21. Re1 Re8 22. Qb5 Nbd5 23. Nf3 Nxe4 24. Qxa5 Nb4 25. Rd1 d5 26. Rb1 c4 27. Nd2 Bd4+ 28. Kh2 Nf2 29. Rf1 Ng4+ 30. Kh1 Nd3 31. Nf3 Ndf2+ 32. Rxf2 Nxf2+ 33. Kh2 Qe4 34. Nxd4 Qxb1 35. Bd2 Qh1+ 36. Kg3 Ne4+ 37. Kg4 Qxg2+ 38. Kh4 Qg3# 0-1

[Event "BCF-chT2a 1718 (4NCL)"]
[Site "England"]
[Date "2018.01.13"]
[Round "3.47"]
[White "Gilfillan, Andrew"]
[Black "Li, Harry"]
[Result "0-1"]
[WhiteElo "1979"]
[BlackElo "2017"]
[PlyCount "94"]
[EventDate "2017.11.11"]
[EventType "team-tourn"]
[EventRounds "7"]
[EventCountry "ENG"]
[SourceTitle "EXT 2020"]
[Source "ChessBase"]
[SourceDate "2019.10.17"]
[SourceVersion "1"]
[SourceVersionDate "2019.10.17"]
[SourceQuality "1"]
[WhiteTeam "Kings Head"]
[BlackTeam "White Rose II"]
[WhiteTeamCountry "ENG"]
[BlackTeamCountry "ENG"]

1. e4 e5 2. Nf3 Nc6 3. Bc4 Bc5 4. c3 Nf6 5. d4 exd4 6. cxd4 Bb4+ 7. Bd2 Nxe4 8. Bxb4 Nxb4 9. Bxf7+ Kxf7 10. Qb3+ d5 11. Ne5+ Ke6 12. Qxb4 Qf8 13. Qxf8 Rxf8 14. Nc3 Nxc3 15. bxc3 Kd6 16. h4 c5 17. Rb1 cxd4 18. cxd4 Rf4 19. Rb4 a5 20. Rb6+ Kc7 21. Rb3 Rxd4 22. Rc3+ Kb6 23. Nf3 Rb4 24. 0-0 Bf5 25. a3 Rc4 26. Rb3+ Ka6 27. Ne5 Rxh4 28. f4 Rc8 29. g3 Rh6 30. Nf7 Re6 31. Ne5 Be4 32. Nf3 Rb6 33. Re3 Rc2 34. Ne1 Rd2 35. Nf3 Ra2 36. Rf2 Rb1+ 37. Kg2 Rbb2 38. Rxb2 Rxb2+ 39. Kh3 Bxf3 40. Rxf3 Rb6 41. Re3 d4 42. Re7 Rd6 43. f5 Rd8 44. Re1 d3 45. Kg4 Kb5 46. Kf3 Kc4 47. Rc1+ Kb3 0-1

[Event "Warwick County-ch"]
[Site "Warwick"]
[Date "2015.07.04"]
[Round "1.14"]
[White "Li, Harry"]
[Black "Ball, Laurence"]
[Result "1-0"]
[WhiteElo "1961"]
[BlackElo "2099"]
[PlyCount "97"]
[EventDate "2015.07.04"]
[EventType "team-match"]
[EventRounds "1"]
[EventCountry "ENG"]
[SourceTitle "CBM 167 Extra"]
[Source "ChessBase"]
[SourceDate "2015.09.14"]
[SourceVersion "1"]
[SourceVersionDate "2015.09.14"]
[SourceQuality "1"]
[WhiteTeam "Yorkshire"]
[BlackTeam "Kent"]
[WhiteTeamCountry "ENG"]
[BlackTeamCountry "ENG"]

1. d4 d6 2. Nf3 f5 3. c4 Nf6 4. Nc3 g6 5. g3 Bg7 6. Bg2 0-0 7. 0-0 Nc6 8. d5 Ne5 9. Nxe5 dxe5 10. e4 f4 11. Bd2 a6 12. b4 g5 13. c5 Bd7 14. a4 Qe8 15. Qb3 Kh8 16. f3 fxg3 17. hxg3 Qh5 18. Ne2 Bh3 19. Bxh3 Qxh3 20. Bxg5 Nh5 21. Bh4 Nf4 22. Rf2 Ng6 23. Rh2 Qd7 24. Bg5 Rf7 25. c6 bxc6 26. dxc6 Qe8 27. Kg2 e6 28. Qc3 Qf8 29. Rah1 Rb8 30. Rxh7+ Kg8 31. Bd2 Qd6 32. R7h5 Ne7 33. Rc1 Rb6 34. Be3 Rxc6 35. Bc5 Qd7 36. b5 axb5 37. axb5 Rxc5 38. Qxc5 Qd3 39. Ng1 Qd2+ 40. Kh1 Ng6 41. Rh2 Qg5 42. Rcc2 Nf8 43. Kg2 Qf6 44. Qe3 Nh7 45. Rh5 Bf8 46. Rc6 Bg7 47. Ne2 Qg6 48. Rh4 Nf8 49. Qc3 1-0

[Event "BCF-ch rapidplay 28th"]
[Site "Leeds"]
[Date "2014.11.01"]
[Round "2"]
[White "Batchelor, Peter"]
[Black "Li, Harry"]
[Result "1-0"]
[WhiteElo "2236"]
[BlackElo "1950"]
[PlyCount "57"]
[EventDate "2014.11.01"]
[EventType "swiss (rapid)"]
[EventRounds "11"]
[EventCountry "ENG"]
[SourceTitle "EXT 2015"]
[Source "ChessBase"]
[SourceDate "2014.11.20"]
[SourceVersion "1"]
[SourceVersionDate "2014.11.20"]
[SourceQuality "1"]

1. d4 d5 2. c4 c6 3. Nf3 Nf6 4. Nc3 e6 5. Bg5 h6 6. Bxf6 Qxf6 7. e3 Nd7 8. Bd3 Be7 9. Rc1 0-0 10. 0-0 a6 11. Qe2 b5 12. cxd5 cxd5 13. e4 dxe4 14. Qxe4 Qf5 15. Qxa8 Qxd3 16. Rfd1 Qg6 17. Na4 bxa4 18. Rxc8 Nb6 19. Rxf8+ Bxf8 20. Qxa6 Qc2 21. Qd3 Qc6 22. Ne5 Qd5 23. Qf3 f6 24. Qxd5 Nxd5 25. Nd7 a3 26. Nxf8 axb2 27. Rb1 Kxf8 28. Rxb2 Kf7 29. a4 1-0

[Event "BCF-ch Weekend Atkins"]
[Site "North Shields"]
[Date "2012.07.27"]
[Round "1.28"]
[White "Li, Harry"]
[Black "Doran, Chris"]
[Result "0-1"]
[WhiteElo "1856"]
[BlackElo "2023"]
[PlyCount "52"]
[EventDate "2012.07.27"]
[EventType "swiss"]
[EventRounds "5"]
[EventCountry "ENG"]
[SourceTitle "EXT 2023"]
[Source "ChessBase"]
[SourceDate "2022.10.05"]
[SourceVersion "1"]
[SourceVersionDate "2022.10.05"]
[SourceQuality "1"]

1. d4 Nf6 2. c4 g6 3. Nc3 Bg7 4. e4 0-0 5. f4 d6 6. Nf3 c5 7. d5 e6 8. Be2 exd5 9. cxd5 Bg4 10. 0-0 Nbd7 11. Re1 Re8 12. h3 Bxf3 13. Bxf3 a6 14. a4 Rb8 15. a5 b5 16. axb6 Qxb6 17. g4 c4+ 18. Kh1 Nc5 19. Na4 Nxa4 20. Qxa4 Qf2 21. Qd1 Rb3 22. Rf1 Nxe4 23. Rxf2 Nxf2+ 24. Kg2 Nxd1 25. Bxd1 Bxb2 26. Bxb3 Bxa1 0-1